Ария (Графиня) (Запись № 13698102)
[ простой вид ]
| 000 -МАРКЕР | |
|---|---|
| контрольное поле | 03100ncm0a2200469 4500 |
| 001 - ИДЕНТИФИКАТОР ЗАПИСИ | |
| контрольное поле | RU\NLR\ONIZ\308446 |
| 005 - ИДЕНТИФИКАТОР ВЕРСИИ | |
| контрольное поле | 20260426081102.0 |
| 035 ## - ДРУГИЕ СИСТЕМНЫЕ НОМЕРА | |
| Идентификатор записи | (NLR Aleph) 022791727 |
| 071 20 - ИЗДАТЕЛЬСКИЙ НОМЕР | |
| Номер, присвоенный агентством | 6183 |
| 100 ## - ДАННЫЕ ОБЩЕЙ ОБРАБОТКИ | |
| Данные общей обработки | 20251028d1884 u y0rusy50 ca |
| 101 1# - ЯЗЫК РЕСУРСА | |
| Язык текста, звукозаписи и т.д. | русский |
| -- | итальянский |
| 102 ## - СТРАНА ПУБЛИКАЦИИ ИЛИ ПРОИЗВОДСТВА | |
| Страна публикации | Российская Федерация |
| -- | Польша |
| 125 ## - ПОЛЕ КОДИРОВАННЫХ ДАННЫХ: ЗВУКОЗАПИСИ И НОТНЫЕ ИЗДАНИЯ | |
| Форма изложения нотного текста | c| |
| 128 ## - ПОЛЕ КОДИРОВАННЫХ ДАННЫХ: МУЗЫКАЛЬНАЯ ФОРМА, ТОНАЛЬНОСТЬ И ЛАД | |
| Музыкальная форма | ar |
| 145 0# - ПОЛЕ КОДИРОВАННЫХ ДАННЫХ: СРЕДСТВО ИСПОЛНЕНИЯ МУЗЫКАЛЬНОГО ПРОИЗВЕДЕНИЯ (УСТАРЕВШЕЕ) | |
| Тип средства исполнения | c |
| 200 1# - ЗАГЛАВИЕ И СВЕДЕНИЯ ОБ ОТВЕТСТВЕННОСТИ | |
| Основное заглавие | Ария (Графиня) |
| Общее обозначение материала | Ноты |
| Сведения, относящиеся к заглавию | "Бог любви! Сжалься и внемли..." |
| Параллельное заглавие | Aria (Contessa) |
| Сведения, относящиеся к заглавию | "Porgi amor qualche ristoro..." |
| -- | [из оперы] "Свадьба Фигаро" |
| -- | (сопрано) [с фортепиано] |
| Язык параллельного заглавия | итальянский |
| Первые сведения об ответственности | музыка В. А. Моцарта |
| Последующие сведения об ответственности | перевод текста П. Чайковскаго |
| 203 ## - ВИД СОДЕРЖАНИЯ И ТИП СРЕДСТВА | |
| Вид содержания | Музыка |
| Дополнительные сведения об издании | |
| -- | |
| Тип средства | непосредственная |
| 210 ## - ПУБЛИКАЦИЯ, РАСПРОСТРАНЕНИЕ И ДР. | |
| Место издания, распространения и т.д. | Москва |
| Имя издателя, распространителя и т. д. | у П. Юргенсона |
| Место издания, распространения и т.д. | С.-Петербург |
| Имя издателя, распространителя и т. д. | у И. Юргенсона |
| Место издания, распространения и т.д. | Варшава |
| Имя издателя, распространителя и т. д. | у Г. Зенневальда |
| Дата издания, распространения и т.д. | ценз. 1884 |
| 215 ## - ФИЗИЧЕСКАЯ ХАРАКТЕРИСТИКА | |
| Специфическое обозначение материала и объем | 5 с. |
| Размеры | 33 см |
| 225 1# - СЕРИЯ | |
| Основное заглавие серии | Свадьба Фигаро |
| Параллельное заглавие серии | La nozze di Figaro |
| Сведения, относящиеся к заглавию | полная опера для пения |
| Сведения об ответственности | музыка В. А. Моцарта ; перевод текста П. Чайковскаго |
| Обозначение или номер части | Действие 2 |
| Обозначение тома | № 10 |
| Язык параллельного заглавия | итальянский |
| 225 1# - СЕРИЯ | |
| Основное заглавие серии | Издание Юргенсона |
| 300 ## - ОБЩИЕ ПРИМЕЧАНИЯ | |
| Текст примечания | Просп. сер.: тит. л. |
| 313 ## - ПРИМЕЧАНИЯ, ОТНОСЯЩИЕСЯ К ТЕМАТИЧЕСКОМУ ДОСТУПУ | |
| Текст примечания | Систематизация документа проведена по изданию - Методика классифицирования музыкальных произведений (нотных изданий) по таблицам Библиотечно-библиографических классификаций : метод. рекомендации / Гос. б-ка СССР им. В.И. Ленина.- М., 1977. Индексу ББК методических рекомендаций присваивается код ББК для научных библиотек - LBC/SL |
| 500 00 - УНИФИЦИРОВАННОЕ ЗАГЛАВИЕ | |
| Унифицированное заглавие | Свадьба Фигаро |
| Цифровое обозначение (для музыкальных произведений) | KV 492 |
| Сведения, относящиеся к заглавию/сведения о виде, жанре, характере документа | Ноты |
| 606 1# - НАИМЕНОВАНИЕ ТЕМЫ КАК ПРЕДМЕТ | |
| Наименование темы | Вокальная музыка австрийская |
| Хронологический подзаголовок | 18 в. |
| Формальный подзаголовок | Ноты |
| Код системы | nlr_sh |
| 606 1# - НАИМЕНОВАНИЕ ТЕМЫ КАК ПРЕДМЕТ | |
| Наименование темы | Оперная музыка австрийская |
| Хронологический подзаголовок | 18-19 вв. |
| Формальный подзаголовок | Ноты |
| Код системы | nlr_sh |
| 606 1# - НАИМЕНОВАНИЕ ТЕМЫ КАК ПРЕДМЕТ | |
| Наименование темы | Музыкальные произведения для сопрано с фортепиано |
| Географический подзаголовок | Австрия |
| Хронологический подзаголовок | 18 в. |
| Формальный подзаголовок | Ноты |
| Код системы | nlr_sh |
| 606 1# - НАИМЕНОВАНИЕ ТЕМЫ КАК ПРЕДМЕТ | |
| Наименование темы | Арии из опер для сопрано и фортепиано |
| Географический подзаголовок | Австрия |
| Хронологический подзаголовок | 18 в. |
| Формальный подзаголовок | Ноты |
| Код системы | nlr_sh |
| 686 0# - ИНДЕКСЫ ДРУГИХ КЛАССИФИКАЦИЙ | |
| Индекс | Щ943.1-42-071(4А) |
| 700 #1 - ИМЯ ЛИЦА - ПЕРВИЧНАЯ ОТВЕТСТВЕННОСТЬ | |
| Связь между полями | z01790 |
| Начальный элемент ввода | Моцарт |
| Часть имени, кроме начального элемента ввода | В. А. |
| Даты | 1756-1791 |
| Расширение инициалов личного имени | Вольфганг Амадей |
| Код отношения | Композитор |
| Графика поля | Кириллица |
| 702 #1 - ИМЯ ЛИЦА - ВТОРИЧНАЯ ОТВЕТСТВЕННОСТЬ | |
| Связь между полями | z02790 |
| Начальный элемент ввода | Чайковский |
| Часть имени, кроме начального элемента ввода | П. И. |
| Даты | 1840-1893 |
| Расширение инициалов личного имени | Петр Ильич |
| Код отношения | Переводчик |
| Графика поля | Кириллица |
| 790 #1 - ИМЯ ЛИЦА - АЛЬТЕРНАТИВНАЯ ФОРМА | |
| Связь между полями | z01700 |
| Начальный элемент ввода | Mozart |
| Часть имени, кроме начального элемента ввода | W. A. |
| Даты | 1756-1791 |
| Расширение инициалов личного имени | Wolfgang Amadeus |
| Код отношения | Композитор |
| Графика поля | Латинская |
| 790 #1 - ИМЯ ЛИЦА - АЛЬТЕРНАТИВНАЯ ФОРМА | |
| Связь между полями | z02702 |
| Начальный элемент ввода | Čajkovskij |
| Часть имени, кроме начального элемента ввода | P. I. |
| Даты | 1840-1893 |
| Расширение инициалов личного имени | Petr Il'ič |
| Код отношения | Переводчик |
| Графика поля | Латинская |
| 801 #0 - ИСТОЧНИК ЗАПИСИ | |
| Страна | Российская Федерация |
| Организация | NLR |
| Дата составления | 20251028 |
| Правила каталогизации | PSBO |
| 801 #1 - ИСТОЧНИК ЗАПИСИ | |
| Страна | Российская Федерация |
| Организация | NLR |
| Дата составления | 20251028 |
| Источник данных | rusmarc |
| 801 #2 - ИСТОЧНИК ЗАПИСИ | |
| Страна | Российская Федерация |
| Организация | NLR |
| Дата составления | 20251028 |
| 852 ## - МЕСТОНАХОЖДЕНИЕ И ШИФР ХРАНЕНИЯ | |
| Идентификатор организации | NLR |
| Шифр хранения (Call Number) | М К-4/6768 |
| Идентификатор единицы | 274464 |
| Номер экземпляра | 1 |
| 942 ## - ДОПОЛНИТЕЛЬНЫЕ ЭЛЕМЕНТЫ ЗАПИСИ (АБИС) | |
| Тип экземпляра АБИС | Ноты |
| 980 ## - КОЛЛЕКЦИЯ | |
| Название коллекции | Отдел нот и звукозаписей |
| 980 ## - КОЛЛЕКЦИЯ | |
| Название коллекции | Национальная библиография |
Нет доступных экземпляров.